[Event "Konik Morski Rewala OPEN A"]
[Site "Rewal"]
[Date "2007.08.22"]
[Round "2.58"]
[White "Kowalska, Sara"]
[Black "Gorecka, Joanna"]
[Result "1/2-1/2"]
[WhiteElo "1867"]
[BlackElo "2089"]
[PlyCount "56"]
[EventDate "2007.??.??"]

1. d4 Nf6 2. c4 e6 3. Nf3 b6 4. g3 Ba6 5. b3 Bb4+ 6. Bd2 Bxd2+ 7. Nbxd2 c5 8.
Bg2 Bb7 9. O-O O-O 10. Qc2 Nc6 11. dxc5 bxc5 12. Ne4 Nb4 13. Nxf6+ Qxf6 14. Qd2
Rad8 15. Qd6 Nc6 16. Qxc5 d6 17. Qg5 Nd4 18. Qxf6 Nxe2+ 19. Kh1 gxf6 20. Rfe1
Bxf3 21. Bxf3 Nd4 22. Be4 f5 23. Rad1 e5 24. Bd5 Kg7 25. c5 Nc2 26. Re2 Nd4 27.
Ree1 Nc2 28. Re2 Nd4 1/2-1/2

[Event "Konik Morski Rewala OPEN A"]
[Site "Rewal"]
[Date "2007.08.22"]
[Round "2.59"]
[White "Janczarski, Michal"]
[Black "Krzywkowski, Marcin"]
[Result "1/2-1/2"]
[WhiteElo "2088"]
[BlackElo "1861"]
[PlyCount "120"]
[EventDate "2007.??.??"]

1. c4 Nf6 2. Nf3 g6 3. g3 Bg7 4. Bg2 O-O 5. O-O d6 6. Nc3 c5 7. Rb1 Nc6 8. a3
a5 9. d3 e6 10. e4 d5 11. Bg5 d4 12. Na4 Qd6 13. Nb6 Ra7 14. Ne1 e5 15. Nxc8
Rxc8 16. Bd2 Ne8 17. f4 f6 18. h4 a4 19. f5 Rb8 20. g4 b5 21. cxb5 Rxb5 22. g5
Rb3 23. Qg4 Ne7 24. h5 fxg5 25. Bxg5 gxh5 26. Qxh5 Nf6 27. Qh4 Rab7 28. Rf3
Rxb2 29. Rxb2 Rxb2 30. Rg3 Kf7 31. Bxf6 Qxf6 32. Qxh7 Qh6 33. Qxh6 Bxh6 34. Nf3
Be3+ 35. Kf1 Kf6 36. Nh2 Bf4 37. Rh3 Bxh2 38. Rxh2 Kg7 39. Rh3 Ra2 40. Rg3+ Kf6
41. Rh3 Rxa3 42. Rh6+ Kf7 43. Bf3 Rxd3 44. Bh5+ Kf8 45. Rf6+ Kg7 46. Rf7+ Kh6
47. Be2 Re3 48. Rxe7 a3 49. Ra7 d3 50. Ra6+ Kg7 51. Bh5 d2 52. f6+ Kh6 53. Be2
c4 54. Kf2 Rxe4 55. Rxa3 Kg6 56. Re3 Rf4+ 57. Rf3 Kxf6 58. Rxf4+ exf4 59. Bd1
Ke5 60. Ke2 Kd4 1/2-1/2

[Event "Konik Morski Rewala OPEN A"]
[Site "Rewal"]
[Date "2007.08.23"]
[Round "3.8"]
[White "Kubit, Tomasz"]
[Black "Nester, Ihor"]
[Result "0-1"]
[WhiteElo "2198"]
[BlackElo "2354"]
[PlyCount "60"]
[EventDate "2007.??.??"]

1. e4 e5 2. Nf3 Nc6 3. Nc3 Nf6 4. Be2 d5 5. exd5 Nxd5 6. O-O Nxc3 7. bxc3 Bd6
8. d4 O-O 9. Rb1 Re8 10. Bc4 Bg4 11. h3 Bh5 12. g4 Bg6 13. dxe5 Nxe5 14. Nxe5
Rxe5 15. f4 Qh4 16. Kh2 Rc5 17. Qe2 h5 18. Rg1 hxg4 19. Rxg4 Qf6 20. Qf1 Qxc3
21. Bb3 Qf6 22. Ba3 Rf5 23. Bxd6 Qxd6 24. Rd1 Qf6 25. Rd7 Bh5 26. Rg2 Rxf4 27.
Qb5 Rf5 28. Qc4 Qe5+ 29. Kg1 Qe1+ 30. Kh2 Rf1 0-1

[Event "Konik Morski Rewala OPEN A"]
[Site "Rewal"]
[Date "2007.08.23"]
[Round "3.9"]
[White "Koziak, Vitali"]
[Black "Tokarski, Lukasz"]
[Result "1-0"]
[WhiteElo "2441"]
[BlackElo "2168"]
[PlyCount "63"]
[EventDate "2007.??.??"]

1. Nf3 c5 2. c4 Nf6 3. Nc3 d5 4. cxd5 Nxd5 5. d4 cxd4 6. Qxd4 Nxc3 7. Qxc3 Nc6
8. e4 e6 9. Bb5 Bd7 10. O-O Rc8 11. Rd1 a6 12. Be2 b5 13. Bf4 f6 14. Bd6 Be7
15. a4 b4 16. Qc5 a5 17. Bb5 Kf7 18. Qh5+ g6 19. Qh6 Qf8 20. Qf4 Kg7 21. e5 f5
22. Rd2 Qf7 23. Rad1 Be8 24. Ng5 Bxg5 25. Qxg5 h6 26. Qe3 Qb7 27. h4 Kh7 28.
Rc2 Rg8 29. Rdc1 b3 30. Rc3 Rg7 31. Qf3 Nd4 32. Qxb7 1-0

[Event "Konik Morski Rewala OPEN A"]
[Site "Rewal"]
[Date "2007.08.23"]
[Round "3.10"]
[White "Wojciechowski, Piotr"]
[Black "Schebler, Gerhard"]
[Result "0-1"]
[WhiteElo "2228"]
[BlackElo "2496"]
[PlyCount "72"]
[EventDate "2007.??.??"]

1. e4 c6 2. d4 d5 3. Nc3 dxe4 4. Nxe4 Bf5 5. Ng3 Bg6 6. h4 h6 7. Nf3 Nf6 8. h5
Bh7 9. Bd3 Bxd3 10. Qxd3 e6 11. Bd2 c5 12. O-O-O Nc6 13. Bc3 Qd5 14. Qb5 O-O-O
15. dxc5 Qxc5 16. Rxd8+ Nxd8 17. Qe2 Nc6 18. Rh4 Qd5 19. Ne5 Bc5 20. b4 Bb6 21.
Kb2 Rf8 22. a4 Kb8 23. f3 Nxe5 24. Bxe5+ Bc7 25. Bxc7+ Kxc7 26. Rc4+ Kb8 27.
Rc5 Qd6 28. Ne4 Nxe4 29. Qxe4 Rd8 30. Kb3 a6 31. Rc4 e5 32. Rc5 f6 33. g4 Qd1
34. Kb2 Rd4 35. Qf5 Rxb4+ 36. Ka3 Rb6 0-1

[Event "Konik Morski Rewala OPEN A"]
[Site "Rewal"]
[Date "2007.08.23"]
[Round "3.11"]
[White "Pazdziora, Michal"]
[Black "Aliavdin, Nikolai"]
[Result "0-1"]
[WhiteElo "2205"]
[BlackElo "2403"]
[PlyCount "78"]
[EventDate "2007.??.??"]

1. d4 Nf6 2. c4 e6 3. Nf3 c5 4. Nc3 cxd4 5. Nxd4 a6 6. e4 Qc7 7. Be3 Bb4 8. Bd3
Bxc3+ 9. bxc3 d6 10. O-O Nbd7 11. Nb3 b6 12. a4 a5 13. Nd4 Ba6 14. c5 bxc5 15.
Nb5 Bxb5 16. Bxb5 O-O 17. Qc2 d5 18. exd5 Ng4 19. g3 Nxe3 20. fxe3 exd5 21.
Rad1 Nb6 22. e4 Rad8 23. Rf5 g6 24. Rf6 dxe4 25. Rc6 Rxd1+ 26. Qxd1 Qb8 27. Qd6
Qxd6 28. Rxd6 Rb8 29. Rc6 c4 30. g4 e3 31. Kf1 Nd5 32. Rxc4 Rb6 33. g5 Kg7 34.
Ke2 Re6 35. Bc6 Ne7 36. Be4 Nf5 37. Bxf5 gxf5 38. Rc5 f4 39. Rf5 Re4 0-1

[Event "Konik Morski Rewala OPEN A"]
[Site "Rewal"]
[Date "2007.08.23"]
[Round "3.12"]
[White "Jerezperez, Alfonso"]
[Black "Krzyzanowski, Marcin"]
[Result "0-1"]
[WhiteElo "2397"]
[BlackElo "2206"]
[PlyCount "88"]
[EventDate "2007.??.??"]

1. e4 e5 2. Nc3 Nf6 3. g3 d5 4. exd5 Nxd5 5. Bg2 Nxc3 6. bxc3 Bd6 7. Nf3 O-O 8.
O-O Bg4 9. h3 Bd7 10. Re1 Nc6 11. d4 Re8 12. Rb1 Rb8 13. Ng5 h6 14. Ne4 Bf8 15.
Be3 b6 16. g4 exd4 17. cxd4 Na5 18. d5 f5 19. gxf5 Bxf5 20. Ng3 Bg6 21. Qg4 Kh7
22. Bf4 Rc8 23. Re6 Rxe6 24. dxe6 Qf6 25. Re1 Re8 26. c3 Qxc3 27. Re2 Qc4 28.
Be4 Rxe6 29. Bd5 Qxd5 30. Rxe6 Bf7 31. Re2 c5 32. Be5 Nc6 33. Bc3 b5 34. Rd2
Qc4 35. Qf3 b4 36. Bb2 Qe6 37. Re2 Qd5 38. Ne4 c4 39. Rd2 Qe6 40. Re2 Qg6+ 41.
Kh1 c3 42. Nxc3 Nd4 43. Qg4 Qxg4 44. hxg4 bxc3 0-1

[Event "Konik Morski Rewala OPEN A"]
[Site "Rewal"]
[Date "2007.08.23"]
[Round "3.13"]
[White "Bebel, Arkadiusz"]
[Black "Malinin, Vasily B"]
[Result "1-0"]
[WhiteElo "2142"]
[BlackElo "2375"]
[PlyCount "189"]
[EventDate "2007.??.??"]

1. e4 Nc6 2. Nf3 e5 3. Nc3 Nf6 4. g3 Bc5 5. Bg2 a6 6. d3 d6 7. O-O Be6 8. h3
Qd7 9. Kh2 h5 10. Bg5 Ng4+ 11. Kg1 f6 12. Bc1 Nxf2 13. Rxf2 Bxh3 14. Qf1 Bxg2
15. Qxg2 Bxf2+ 16. Qxf2 O-O-O 17. Nd5 Kb8 18. Be3 f5 19. Nh4 fxe4 20. dxe4 Rdf8
21. Qg2 Qg4 22. c3 Rf7 23. b4 Rhf8 24. Nf5 Nd8 25. Bd2 Qg6 26. c4 Ne6 27. b5
axb5 28. cxb5 Nc5 29. Nde3 Qe6 30. Be1 g6 31. Nh4 Nd3 32. Rd1 Nxe1 33. Rxe1 Rf2
34. Qxf2 Rxf2 35. Kxf2 g5 36. Nf3 g4 37. Nd2 Qxa2 38. Ke2 c6 39. bxc6 bxc6 40.
Nec4 Qa6 41. Kf2 Qa7+ 42. Ke2 Qd4 43. Ne3 d5 44. exd5 cxd5 45. Rb1+ Ka7 46. Rb5
Qa1 47. Rxd5 h4 48. gxh4 Qh1 49. Rd7+ Kb8 50. Rg7 Qxh4 51. Rxg4 Qxg4+ 52. Nxg4
e4 53. Ne3 Kc7 54. Ndc4 Kc6 55. Kd2 Kb5 56. Kc3 Kc5 57. Na3 Kd6 58. Kd4 Kc6 59.
Nac4 Kc7 60. Kd5 Kd7 61. Nb6+ Ke7 62. Ke5 Kf7 63. Nbd5 Kg6 64. Kf4 Kg7 65. Kg5
Kf7 66. Kf5 Kf8 67. Ke6 Ke8 68. Nc7+ Kd8 69. Kd6 Kc8 70. Ne6 Kb7 71. Kc5 Ka7
72. Kc6 Ka6 73. Kc5 Ka7 74. Nd8 Ka6 75. Nc6 Kb7 76. Na5+ Ka6 77. Nac4 Kb7 78.
Kd6 Kc8 79. Na5 Kd8 80. Nb7+ Ke8 81. Ke6 Kf8 82. Nd6 Kg8 83. Kf5 Kg7 84. Kg5
Kh7 85. Ndf5 Kg8 86. Kf6 Kf8 87. Ng7 Kg8 88. Ne6 Kh7 89. Kg5 Kg8 90. Kg6 Kh8
91. Nc5 Kg8 92. Nd7 Kh8 93. Nf5 e3 94. Nf6 e2 95. Nh6 1-0

[Event "Konik Morski Rewala OPEN A"]
[Site "Rewal"]
[Date "2007.08.23"]
[Round "3.14"]
[White "Skalski, Michal"]
[Black "Gasik, Anna"]
[Result "1-0"]
[WhiteElo "2330"]
[BlackElo "2214"]
[PlyCount "79"]
[EventDate "2007.??.??"]

1. Nf3 d5 2. d4 c6 3. c4 Nf6 4. e3 e6 5. Nbd2 Nbd7 6. Bd3 Bd6 7. O-O O-O 8. e4
dxe4 9. Nxe4 Nxe4 10. Bxe4 h6 11. Bc2 Nf6 12. b3 b5 13. c5 Bc7 14. Re1 Qd5 15.
a4 Rd8 16. Bb2 Bb7 17. Qd3 Qh5 18. h3 g6 19. Ne5 Nd5 20. Qg3 Ne7 21. Qf4 g5 22.
Qe4 f5 23. Qd3 bxa4 24. Rxa4 a5 25. Bd1 Qe8 26. g3 Ba6 27. Qf3 Bb5 28. Ra1 Rd5
29. Nc4 Qf7 30. Qe2 e5 31. dxe5 Qe6 32. Qh5 Bxc4 33. bxc4 Rxc5 34. Bd4 Rxe5 35.
Bxe5 Bxe5 36. Ra2 Kg7 37. Qf3 Qd6 38. Bc2 Rf8 39. Rxa5 c5 40. Ra7 1-0

[Event "Konik Morski Rewala OPEN A"]
[Site "Rewal"]
[Date "2007.08.23"]
[Round "3.15"]
[White "Swiercz, Dariusz"]
[Black "Witek, Tomasz"]
[Result "1-0"]
[WhiteElo "2281"]
[BlackElo "2105"]
[PlyCount "81"]
[EventDate "2007.??.??"]

1. d4 Nf6 2. g3 g6 3. Bg2 Bg7 4. e4 d6 5. Ne2 c5 6. dxc5 Qa5+ 7. Nbc3 Qxc5 8.
O-O O-O 9. Be3 Qc7 10. h3 Nc6 11. Nd5 Nxd5 12. exd5 Ne5 13. b3 e6 14. dxe6 fxe6
15. Nd4 a6 16. Qd2 Bd7 17. Rad1 Rad8 18. c4 Nc6 19. Rfe1 Rfe8 20. Ne2 Bc8 21.
Bg5 Rd7 22. Nc3 Nd4 23. Nd5 Qc5 24. Nf6+ Bxf6 25. Bxf6 e5 26. Bg5 Qc7 27. Bd5+
Ne6 28. h4 Rf7 29. h5 Bd7 30. hxg6 hxg6 31. Be3 Rh7 32. Bg2 Bc6 33. Qxd6 Qc8
34. Bxc6 bxc6 35. Qxe5 Nd4 36. Qxd4 Qh3 37. Bh6 Rf8 38. Qh4 Qxh4 39. gxh4 Rxh6
40. Re4 Rf3 41. Rd6 1-0

[Event "Konik Morski Rewala OPEN A"]
[Site "Rewal"]
[Date "2007.08.23"]
[Round "3.16"]
[White "Bronowicki, Mateusz"]
[Black "Jagodzinski, Piotr"]
[Result "1/2-1/2"]
[WhiteElo "2274"]
[BlackElo "2120"]
[PlyCount "38"]
[EventDate "2007.??.??"]

1. d4 Nf6 2. c4 c5 3. d5 b5 4. cxb5 a6 5. bxa6 Bxa6 6. Nc3 g6 7. g3 d6 8. Bg2
Bg7 9. Nf3 O-O 10. O-O Nbd7 11. Qc2 Ra7 12. Re1 Qa8 13. Nd2 Nb6 14. e4 Ng4 15.
Nf3 Nd7 16. Rd1 c4 17. Nd4 Nc5 18. h3 Ne5 19. Be3 Rb8 1/2-1/2

[Event "Konik Morski Rewala OPEN A"]
[Site "Rewal"]
[Date "2007.08.23"]
[Round "3.17"]
[White "Pigula, Marek"]
[Black "Panocki, Adrian"]
[Result "0-1"]
[WhiteElo "2141"]
[BlackElo "2273"]
[PlyCount "42"]
[EventDate "2007.??.??"]

1. e4 g6 2. d4 Bg7 3. Nc3 d6 4. f4 Nc6 5. Bb5 a6 6. Bxc6+ bxc6 7. Nf3 Nf6 8.
O-O O-O 9. h3 Bb7 10. Re1 Nd7 11. Be3 c5 12. dxc5 Nxc5 13. Bxc5 dxc5 14. e5 Bh6
15. Ne2 Bxf3 16. gxf3 Qc8 17. Kf2 Rd8 18. Qc1 Qf5 19. Qe3 Qxc2 20. Rac1 Qxb2
21. Qxc5 Bxf4 0-1

[Event "Konik Morski Rewala OPEN A"]
[Site "Rewal"]
[Date "2007.08.23"]
[Round "3.18"]
[White "Kalvaitis, Sigitas"]
[Black "Latocha, Aleksander"]
[Result "1-0"]
[WhiteElo "2267"]
[BlackElo "1817"]
[PlyCount "89"]
[EventDate "2007.??.??"]

1. e4 c5 2. Nf3 d6 3. Bb5+ Bd7 4. Bxd7+ Qxd7 5. O-O e6 6. c3 Nc6 7. d4 Nf6 8.
Qe2 d5 9. exd5 Nxd5 10. c4 Nc7 11. d5 Nd4 12. Nxd4 cxd4 13. Qe5 Bd6 14. Qxd4
O-O 15. Nc3 exd5 16. Nxd5 Nxd5 17. cxd5 Rfe8 18. Be3 Qf5 19. Rfd1 Re4 20. Qd3
Rae8 21. Rac1 h6 22. Rc4 Bxh2+ 23. Kf1 Bd6 24. Rxe4 Qxe4 25. Qxe4 Rxe4 26. Rc1
Re8 27. Bxa7 g5 28. Bd4 g4 29. Re1 Rc8 30. Ke2 h5 31. Rh1 Re8+ 32. Kd3 Be5 33.
Rxh5 Bxd4 34. Kxd4 Re2 35. Kd3 Re1 36. Rg5+ Kf8 37. Rxg4 Rd1+ 38. Kc4 Rd2 39.
b4 Rxa2 40. Rf4 Rc2+ 41. Kb5 Rc7 42. d6 Rc6 43. Rf6 Ke8 44. d7+ Kxd7 45. Rxc6
1-0

[Event "Konik Morski Rewala OPEN A"]
[Site "Rewal"]
[Date "2007.08.23"]
[Round "3.19"]
[White "Kukawski, Maciej"]
[Black "Zurkowski, Andrzej"]
[Result "1-0"]
[WhiteElo "2251"]
[BlackElo "2015"]
[PlyCount "73"]
[EventDate "2007.??.??"]

1. e4 d5 2. exd5 Nf6 3. Nf3 Nxd5 4. d4 Bg4 5. Be2 e6 6. O-O Be7 7. c4 Nb6 8.
Nc3 O-O 9. h3 Bh5 10. g4 Bg6 11. Ne5 N8d7 12. Nxg6 hxg6 13. c5 Nd5 14. Nxd5
exd5 15. Qb3 b6 16. cxb6 Nxb6 17. Be3 Bd6 18. Kg2 f5 19. Rac1 Qd7 20. Rc2 c6
21. Rfc1 Rac8 22. a4 Rc7 23. a5 Nc8 24. Rxc6 Ne7 25. Rxc7 Bxc7 26. Qb7 Rc8 27.
Bg5 Kf7 28. Bxe7 Kxe7 29. Ba6 Qd6 30. Qxc8 Qh2+ 31. Kf3 Qf4+ 32. Ke2 Qxc1 33.
Qb7 Qc2+ 34. Kf1 Qb1+ 35. Kg2 Qe4+ 36. Kg1 Kd8 37. Qc8+ 1-0

[Event "Konik Morski Rewala OPEN A"]
[Site "Rewal"]
[Date "2007.08.23"]
[Round "3.20"]
[White "Demidowicz, Maria"]
[Black "Helstroffer, Arnaud"]
[Result "0-1"]
[WhiteElo "1979"]
[BlackElo "2234"]
[PlyCount "28"]
[EventDate "2007.??.??"]

1. e4 c5 2. Nf3 d6 3. d4 cxd4 4. Nxd4 Nf6 5. Nc3 g6 6. Be3 Bg7 7. f3 Nc6 8. Bc4
O-O 9. Qd2 Nd7 10. O-O-O Nb6 11. Bb3 Na5 12. Bh6 Nac4 13. Qg5 e5 14. Nde2 Bf6
0-1

[Event "Konik Morski Rewala OPEN A"]
[Site "Rewal"]
[Date "2007.08.23"]
[Round "3.21"]
[White "Jozwicki, Jakub"]
[Black "Orzech, Dominik"]
[Result "0-1"]
[WhiteElo "2178"]
[BlackElo "2394"]
[PlyCount "80"]
[EventDate "2007.??.??"]

1. e4 c5 2. Nf3 d6 3. d4 cxd4 4. Qxd4 a6 5. c4 Nc6 6. Qd2 Nf6 7. Nc3 g6 8. b3
Bg7 9. Bb2 O-O 10. h3 Qa5 11. Bd3 Bd7 12. O-O Rfc8 13. a3 Qh5 14. Na4 Na5 15.
Nb6 Nxb3 16. Qc3 Nc5 17. Nxc8 Rxc8 18. Bc2 b5 19. e5 Ne8 20. Qe3 bxc4 21. Bd4
Bh6 22. Qc3 Ne6 23. Rad1 Nf4 24. Rfe1 Bxh3 25. g3 Bg4 26. Nh2 Ne2+ 27. Rxe2
Bxe2 28. Re1 dxe5 29. Bxe5 Rd8 30. Bd4 Nd6 31. a4 Rd7 32. f3 Bd3 33. Bxd3 cxd3
34. Qxd3 Nf5 35. g4 Qh4 36. Re4 Rxd4 37. Rxd4 Be3+ 38. Kh1 Qe1+ 39. Nf1 Nxd4
40. Qxe3 Qxf1+ 0-1

[Event "Konik Morski Rewala OPEN A"]
[Site "Rewal"]
[Date "2007.08.23"]
[Round "3.22"]
[White "Gumula, Daniel"]
[Black "Wozniak, Maciej"]
[Result "1-0"]
[WhiteElo "2387"]
[BlackElo "2180"]
[PlyCount "117"]
[EventDate "2007.??.??"]

1. d4 d5 2. c4 c6 3. Nc3 Nf6 4. e3 e6 5. Nf3 Bd6 6. Qc2 Nbd7 7. Bd3 O-O 8. O-O
Qe7 9. c5 Bc7 10. e4 dxe4 11. Nxe4 h6 12. Re1 Nxe4 13. Bxe4 Qf6 14. Bd2 e5 15.
Bc3 Re8 16. Bf5 Nf8 17. Bxc8 Raxc8 18. dxe5 Qe6 19. b4 Rcd8 20. Re3 Qd5 21.
Rae1 Ne6 22. a3 a5 23. Qe4 Qa2 24. Nd4 Nxd4 25. Bxd4 axb4 26. axb4 Qc4 27. Bc3
Qxe4 28. Rxe4 Rd3 29. R4e3 Red8 30. Kf1 Kf8 31. Ke2 Rxe3+ 32. Kxe3 h5 33. Ra1
Bb8 34. Ke4 Ke7 35. f4 g6 36. Ra8 Ke6 37. g3 Rh8 38. Ra1 Rd8 39. h3 Rd5 40. Ra8
Rd8 41. Bd4 Re8 42. g4 hxg4 43. hxg4 Rd8 44. Bf2 Rh8 45. Bd4 Rd8 46. Ra5 Bc7
47. Ra7 Rb8 48. Ra2 Rh8 49. Ra7 Rb8 50. f5+ gxf5+ 51. gxf5+ Ke7 52. b5 cxb5 53.
c6 Kd8 54. cxb7 Kd7 55. Kd5 Bd8 56. e6+ fxe6+ 57. fxe6+ Kc7 58. Be5+ Kb6 59.
Bxb8 1-0

[Event "Konik Morski Rewala OPEN A"]
[Site "Rewal"]
[Date "2007.08.23"]
[Round "3.23"]
[White "Tsifanskaya, Ludmila A"]
[Black "Philippe, Christophe"]
[Result "0-1"]
[WhiteElo "2170"]
[BlackElo "2368"]
[PlyCount "82"]
[EventDate "2007.??.??"]

1. e4 c5 2. Nf3 e6 3. d3 d5 4. Qe2 Be7 5. g3 Nf6 6. Bg2 b6 7. O-O dxe4 8. dxe4
Ba6 9. c4 Nc6 10. e5 Nd7 11. Nc3 O-O 12. h4 Rc8 13. Nb5 Nd4 14. Nfxd4 cxd4 15.
Rd1 Bxb5 16. cxb5 Nc5 17. Qg4 Qc7 18. Bf4 Rfd8 19. Rac1 Qb8 20. b4 Na4 21. Rxc8
Qxc8 22. Bh6 g6 23. Rxd4 Rxd4 24. Qxd4 Nc3 25. Qd2 Nxb5 26. Bf1 Nc3 27. a3 a5
28. bxa5 bxa5 29. a4 Qc7 30. Qd4 Bc5 31. Qf4 Nd5 32. Qc1 f6 33. Bd2 fxe5 34.
Bh3 Kf7 35. Qd1 e4 36. Qc2 Qxg3+ 37. Bg2 Nf4 38. Bxf4 Qxf4 39. h5 e3 40. hxg6+
hxg6 41. fxe3 Bxe3+ 0-1

[Event "Konik Morski Rewala OPEN A"]
[Site "Rewal"]
[Date "2007.08.23"]
[Round "3.24"]
[White "Walach, Marcin"]
[Black "Slezak, Robert"]
[Result "1-0"]
[WhiteElo "2367"]
[BlackElo "2167"]
[PlyCount "88"]
[EventDate "2007.??.??"]

1. d4 g6 2. e4 Bg7 3. Nc3 d6 4. f4 Nf6 5. Nf3 O-O 6. Be2 c6 7. O-O Bg4 8. h3
Bxf3 9. Bxf3 e5 10. Be3 Nbd7 11. Qd2 Nb6 12. b3 Qe7 13. Rad1 Rad8 14. Qf2 exd4
15. Bxd4 c5 16. Be3 Ng4 17. hxg4 Bxc3 18. g5 f6 19. Rd3 Bd4 20. Bxd4 cxd4 21.
gxf6 Qxf6 22. Bg4 Nd7 23. Qxd4 Ne5 24. Be6+ Qxe6 25. fxe5 Rxf1+ 26. Kxf1 Rf8+
27. Kg1 dxe5 28. Qd5 Qxd5 29. Rxd5 Rc8 30. c4 Rc7 31. Rxe5 Kf7 32. Kf2 Kf6 33.
Rd5 Ke6 34. Ke3 Rf7 35. Rd8 b6 36. b4 Rf1 37. Ra8 Re1+ 38. Kf3 Rc1 39. Rxa7
Rxc4 40. a3 h5 41. Rb7 Ke5 42. Rxb6 Rc3+ 43. Kf2 Rc2+ 44. Kg1 Rc4 1-0

[Event "Konik Morski Rewala OPEN A"]
[Site "Rewal"]
[Date "2007.08.23"]
[Round "3.25"]
[White "Szwed, Jacek"]
[Black "Zilinskas, Vaidas"]
[Result "0-1"]
[WhiteElo "2364"]
[BlackElo "2150"]
[PlyCount "120"]
[EventDate "2007.??.??"]

1. e4 e5 2. Nf3 Nc6 3. Bc4 Nf6 4. d3 Be7 5. O-O O-O 6. Bb3 d6 7. c3 Be6 8. Bxe6
fxe6 9. Qb3 Qc8 10. Re1 Nh5 11. d4 Nf4 12. Bxf4 Rxf4 13. Nbd2 exd4 14. Nxd4
Nxd4 15. cxd4 c6 16. d5 cxd5 17. Rac1 Qd7 18. exd5 e5 19. Ne4 Rc8 20. Rc4 Rxc4
21. Qxc4 Rf8 22. Rc1 Bd8 23. Qc8 Qa4 24. Qe6+ Kh8 25. Qxd6 Re8 26. Ng3 Bb6 27.
b4 Qxa2 28. Ne4 Qb2 29. Rf1 Qd4 30. Ng5 Qf4 31. Ne6 Qf6 32. Qd7 Rg8 33. Kh1 e4
34. Qb5 Bxf2 35. Nc5 e3 36. Ne4 Qf4 37. Nxf2 exf2 38. d6 Qxd6 39. Rxf2 a6 40.
Qc4 b5 41. Qg4 Qd3 42. h3 Rd8 43. Qf4 h6 44. Rf1 Qc4 45. Kh2 Qxf4+ 46. Rxf4 Rd3
47. Rf7 Rb3 48. Ra7 Rxb4 49. Rxa6 Rb3 50. Rc6 b4 51. Rb6 Kg8 52. Rb7 Kf8 53.
Kg1 Rb2 54. Kh2 b3 55. Kg3 Rb1 56. Kg4 g6 57. Rd7 Ke8 58. Rd2 b2 59. h4 Kf7 60.
Kg3 Ke6 0-1

[Event "Konik Morski Rewala OPEN A"]
[Site "Rewal"]
[Date "2007.08.23"]
[Round "3.27"]
[White "Czaja, Roman"]
[Black "Llanezavega, Patricia"]
[Result "0-1"]
[WhiteElo "2146"]
[BlackElo "2298"]
[PlyCount "72"]
[EventDate "2007.??.??"]

1. d4 Nf6 2. c4 g6 3. Nc3 Bg7 4. e4 d6 5. f3 O-O 6. Be3 c5 7. Nge2 Nc6 8. Qd2
a6 9. Rc1 Qa5 10. d5 Ne5 11. Ng3 b5 12. b3 Rb8 13. f4 Ned7 14. Nd1 Qxd2+ 15.
Bxd2 h5 16. Bd3 bxc4 17. bxc4 Nb6 18. O-O h4 19. Ne2 h3 20. Nec3 hxg2 21. Kxg2
Bd7 22. Nf2 Na4 23. e5 Nh5 24. Nxa4 Bxa4 25. Ne4 Rb2 26. Rf2 Rxa2 27. Be3 Ra3
28. Rc3 Rxc3 29. Nxc3 Bd7 30. Ne4 Bf5 31. Kf3 Bxe4+ 32. Kxe4 Rb8 33. exd6 exd6
34. Ra2 Rb3 35. Be2 Bd4 36. Bxd4 f5# 0-1

[Event "Konik Morski Rewala OPEN A"]
[Site "Rewal"]
[Date "2007.08.23"]
[Round "3.28"]
[White "Majdan, Joanna"]
[Black "Matuszewski, Michal"]
[Result "1-0"]
[WhiteElo "2296"]
[BlackElo "2144"]
[PlyCount "43"]
[EventDate "2007.??.??"]

1. e4 c5 2. Nf3 d6 3. d4 cxd4 4. Nxd4 Nf6 5. Nc3 a6 6. Bc4 e6 7. Bb3 b5 8. Bg5
Be7 9. Qf3 Bb7 10. Bxe6 O-O 11. Bb3 b4 12. Nce2 Bxe4 13. Qh3 Qa5 14. Bd2 Nc6
15. O-O Qe5 16. Be3 Bd8 17. Rfe1 Re8 18. Ba4 Nxd4 19. Bxd4 Qd5 20. Bxe8 Nxe8
21. Ng3 f5 22. Rad1 1-0

[Event "Konik Morski Rewala OPEN A"]
[Site "Rewal"]
[Date "2007.08.23"]
[Round "3.29"]
[White "Gluszko, Tomasz"]
[Black "Szymanski, Andrzej"]
[Result "1-0"]
[WhiteElo "2119"]
[BlackElo "2251"]
[PlyCount "75"]
[EventDate "2007.??.??"]

1. e4 e6 2. d4 d5 3. Nc3 Bb4 4. e5 c5 5. a3 Bxc3+ 6. bxc3 Qc7 7. Nf3 Ne7 8. h4
Bd7 9. h5 h6 10. Rh4 Nbc6 11. Bd3 Qa5 12. Kf1 c4 13. Be2 O-O-O 14. a4 f6 15.
Qe1 Rdf8 16. Ba3 Rf7 17. Rf4 Rhf8 18. Kg1 fxe5 19. Rxf7 Rxf7 20. Nxe5 Nxe5 21.
dxe5 Nc6 22. Bd6 Qd8 23. Bg4 Rf4 24. f3 Qb6+ 25. Kh2 Qb2 26. Rc1 Rf7 27. Qd2 b6
28. Rf1 d4 29. cxd4 Qxd4 30. Qe2 Kb7 31. g3 c3 32. Rd1 Qxa4 33. Qd3 Qa6 34. Qe4
Kc8 35. Bxe6 Bxe6 36. Qxc6+ Kd8 37. Be7+ Kxe7 38. Qd6+ 1-0

[Event "Konik Morski Rewala OPEN A"]
[Site "Rewal"]
[Date "2007.08.23"]
[Round "3.30"]
[White "Cherednichenko, Elena"]
[Black "Taddei, Benoit"]
[Result "0-1"]
[WhiteElo "2105"]
[BlackElo "2247"]
[PlyCount "92"]
[EventDate "2007.??.??"]

1. d4 Nf6 2. Nf3 g6 3. e3 Bg7 4. Bd3 O-O 5. b3 c5 6. Bb2 cxd4 7. exd4 Nc6 8.
O-O d5 9. c3 Nh5 10. Qd2 Bg4 11. Be2 Qc7 12. h3 Bd7 13. Re1 Nf4 14. Bf1 f6 15.
c4 Bh6 16. Qd1 Bf5 17. Nc3 Nb4 18. Nb5 Qd7 19. Na3 Nbd3 20. Bxd3 Nxd3 21. Re2
Nf4 22. Re1 Bxh3 23. g3 Bg2 24. Nh2 Qh3 25. Qg4 Be4 26. Qxh3 Nxh3+ 27. Kf1 Rfe8
28. f3 Bf5 29. Bc1 Bf8 30. Kg2 Ng5 31. Nb5 Rac8 32. Bxg5 fxg5 33. Rac1 a6 34.
Nc3 dxc4 35. bxc4 Rxc4 36. d5 Rec8 37. Ne2 Rc2 38. Nf1 Bd3 39. Kf2 Bg7 40. Rxc2
Rxc2 41. Ke3 Bc4 42. Nd4 Rxa2 43. Ke4 Bxf1 44. Rxf1 Ra4 45. Rd1 b5 46. Ke3 Rxd4
0-1

[Event "Konik Morski Rewala OPEN A"]
[Site "Rewal"]
[Date "2007.08.23"]
[Round "3.31"]
[White "Tokarski, Bartosz"]
[Black "Smirnov, Aleksander"]
[Result "0-1"]
[WhiteElo "2100"]
[BlackElo "2247"]
[PlyCount "135"]
[EventDate "2007.??.??"]

1. e4 c5 2. Nf3 Nc6 3. d4 cxd4 4. Nxd4 g6 5. c4 Bg7 6. Nc2 d6 7. Be2 f5 8. exf5
Bxf5 9. O-O Nh6 10. Nc3 O-O 11. Bg5 Qa5 12. Ne3 Be6 13. Ncd5 Rae8 14. b4 Nxb4
15. Qd2 Nc6 16. Qxa5 Nxa5 17. Nc7 Nf7 18. Nxe6 Bxa1 19. Rxa1 Nxg5 20. Nxg5 Nc6
21. Ne6 Rf6 22. Bg4 Nd8 23. Nc7 Ref8 24. f3 Rf4 25. Rd1 h5 26. Bd7 Kg7 27. Rd3
Rh8 28. Kf2 h4 29. Be6 Rh5 30. Bd5 Re5 31. Ng4 Rg5 32. Ke3 Rff5 33. h3 a6 34.
a4 Rh5 35. Rb3 e6 36. Bxb7 Ra5 37. Ne8+ Kf8 38. Nxd6 Rxa4 39. Be4 Rha5 40. Bxg6
Ra3 41. Rxa3 Rxa3+ 42. Kf4 a5 43. Nb5 Ra2 44. g3 hxg3 45. Kxg3 a4 46. Nc3 Ra1
47. Ne3 a3 48. Kf2 Rh1 49. Kg2 Rc1 50. Nc2 Nc6 51. Na2 Rb1 52. Nxa3 Rb2+ 53.
Kg3 Rxa2 54. Be4 Ne5 55. Kf4 Nd7 56. Nb5 Ke7 57. h4 Kf6 58. h5 Rh2 59. Bg6 Rh4+
60. Kg3 Rxc4 61. Nd6 Rc1 62. Ne4+ Kg7 63. f4 Re1 64. Kf2 Ra1 65. Ng5 Nf8 66.
Bf7 Kf6 67. Kg2 e5 68. Bg8 {nieczytelny zapis} 0-1

[Event "Konik Morski Rewala OPEN A"]
[Site "Rewal"]
[Date "2007.08.23"]
[Round "3.32"]
[White "Chojnacki, Slawomir"]
[Black "Klekowski, Maciej"]
[Result "1/2-1/2"]
[WhiteElo "2235"]
[BlackElo "2118"]
[PlyCount "113"]
[EventDate "2007.??.??"]

1. d4 d5 2. c4 e6 3. Nc3 Nf6 4. Nf3 Be7 5. Bg5 h6 6. Bh4 b6 7. e3 Bb7 8. Be2
O-O 9. O-O c5 10. Rc1 Nbd7 11. dxc5 bxc5 12. Qc2 Ne4 13. Bxe7 Qxe7 14. Rfd1
Rac8 15. Qa4 Nxc3 16. Rxc3 Bc6 17. Qa3 Nf6 18. cxd5 Bxd5 19. Rdc1 Ne4 20. R3c2
Rb8 21. b3 Rfd8 22. Bf1 Qb7 23. Ne5 f6 24. Nd3 c4 25. bxc4 Bc6 26. f3 Ng5 27.
h4 Nf7 28. Rb2 Qc7 29. Rxb8 Qxb8 30. Qc5 Bxf3 31. gxf3 Qg3+ 32. Kh1 Qxh4+ 33.
Kg2 Ne5 34. Rc2 Nxd3 35. Bxd3 Rxd3 36. Qc8+ Kh7 37. Qxe6 Qg5+ 38. Kf2 Qh4+ 39.
Ke2 Rd8 40. Qe4+ Qxe4 41. fxe4 Kg8 42. Kf3 Kf7 43. e5 f5 44. Rb2 Rd7 45. Rb8 g5
46. Rh8 Ke6 47. Rxh6+ Kxe5 48. Ra6 g4+ 49. Ke2 Rg7 50. Ra5+ Ke4 51. Ra6 Re7 52.
c5 Rc7 53. c6 Ke5 54. Kf2 Kd6 55. Kg3 Rxc6 56. Rxa7 Ke5 57. Re7+ 1/2-1/2